000 00426cam a2200181ua 4500
020 _c4.50
041 _ahin
_h
082 _a891.54
_bAMR/SU
100 _aAmrutlal, Nagar .
245 _aSuhag ke noopur /
_cAmrutlal Nagar.
_hTextual Documents
250 _a2 /
_b.
260 _aDelhi :
_bRajkamal Prakashan ,
_c1963.
300 _a267 ; .
365 _a4.50
504 _a
942 _cBK
999 _c8345
_d8345